Atlas universal de colores por aplicación, para impresión escala Europa
Saved in:
| Format: | Bog |
|---|---|
| Sprog: | spansk |
| Udgivet: |
Santiago
Antártica
1980
|
| Fag: | |
| Tags: |
Tilføj Tag
Ingen Tags, Vær først til at tagge denne postø!
|
MARC
| LEADER | 00000nam a2200000 a 4500 | ||
|---|---|---|---|
| 001 | UCV8117 | ||
| 003 | CL-VaPUC | ||
| 008 | 900618e19800000CL |||||||||||||||||spa|d | ||
| 082 | 0 | 4 | |a 760.18 |b ATL |2 21 |
| 245 | 1 | 0 | |a Atlas universal de colores por aplicación, para impresión escala Europa |
| 300 | |a 40 h | ||
| 942 | |c BK | ||
| 945 | |d 19900618 00:00:00 | ||
| 260 | |a Santiago |b Antártica |c 1980 | ||
| 650 | 7 | |a QUIMICA DE TINTES |2 CL-VaPUC |9 266069 | |
| 583 | |a last modification |c 19900618 00:00:00 |k Rodrigo Vera | ||
| 999 | |c 213683 |d 213681 | ||
| 952 | |0 0 |1 0 |4 0 |6 760_180000000000000_ATL_1980 |7 0 |8 F |9 196311 |a BIBARQ |b BIBARQ |d 2019-11-14 |i 2642166 |o 760.18 ATL 1980 |p 2642166 |r 2025-01-20 |w 2019-11-14 |y BK_F |k ARQ | ||